Countries of Rashidun Caliphate - Statistics

General Stats
  • This quiz has been taken 64 times
  • The average score is 24 of 27
Answer Stats
Answer % Correct
Turkey
100%
Iran
98%
Iraq
98%
Egypt
96%
Syria
96%
Yemen
96%
Oman
94%
Israel
92%
Libya
92%
Qatar
92%
Armenia
90%
Azerbaijan
90%
Jordan
90%
Saudi Arabia
90%
Bahrain
88%
Georgia
88%
Lebanon
88%
Tunisia
88%
United Arab Emirates
88%
Pakistan
86%
Kuwait
84%
Afghanistan
82%
Sudan
80%
Turkmenistan
78%
Uzbekistan
76%
Tajikistan
73%
Cyprus
67%
No matching quizzes found
Score Distribution
Percent of People with Each Score
Percentile by Number Answered
Your Score History
You have not taken this quiz